Statistiques concernant Drapeaux se changeant en drapeaux

Cliquez ici pour prendre le quiz!

Statistiques générales

  • Ce quiz a été pris 1 459 fois
  • Le résultat moyen est 7 sur 10

Réponses sur la Carte

Les réponses sont colorées sur une échelle allant du rouge au vert en fonction du pourcentage des utilisateurs qui les ont devinées à leur premier essai. Vous pouvez retrouver ces pourcentages ci-dessous.
 

Statistiques - réponses

Pays% Correct
République Démocratique du Congo
85%
Bulgarie
84%
Panama
78%
Mali
75%
Lituanie
73%
Thaïlande
68%
Bénin
60%
Malawi
53%
Namibie
49%
Saint-Christophe- et-Niévès
32%

Distribution des résultats

Percentile par nombre de réponses

% des personnes avec chaque résultat

Votre développement - résultats

Vous n’avez pas pris ce quiz